| 000 | 00384nam a22001457a 4500 | ||
|---|---|---|---|
| 082 | _aP-560 | ||
| 100 |
_aRashid Rauf _947696 |
||
| 245 |
_aArsenic removal from drinking water of risalpur cantt _cUsman Ghani, Ali Naveed, Usama Naveed |
||
| 260 |
_aMCE _bMCE _c2014 |
||
| 300 | _a61 p. : | ||
| 526 |
_a0 _b0 _c0 _dP_560 |
||
| 650 | _aProject | ||
| 700 | _aArshad Ali | ||
| 942 |
_2ddc _cBK |
||
| 999 |
_c550859 _d550859 |
||